000 00773nam a22002657a 4500
001 BR6004721
003 BR-BrBNA
005 20230928083215.0
007 ta
008 230509b bl.||||| |||| 00| 0 por d
040 _aBR-BrBNA
_bpor
_cBiblioteca Nacional de Agricultura
041 _a(Por)
072 _aF01; F04
_b0336
_b/G514
090 _ 0336 BR6004721
110 1 _aSecretaria da Agricultura do Estado da Bahia, Salvador (Brasil)
_98201
245 1 _aResultados ensaios demonstrativos - cultura - soja 1974
260 3 _aSalvador, BA (Brasil):
_c[nd].
300 _a4 p.
500 _aNumerical data; Published afterf 1974?
650 _aSOJA
650 _aADUBACAO
650 _aPRATICA CULTURAL
909 _a202309
_bLucia
_c55
_dLucia Elande
942 _cBK
999 _c12153
_d12153